Flags with One Colour Changed #1 - Statistics

General Stats
  • This quiz has been taken 832 times
    764 since last reset
  • The average score is 14 of 16
Answer Stats
Answer % Correct
Australia
97%
Brazil
97%
Panama
95%
Algeria
93%
Bosnia and Herzegovina
93%
Slovakia
93%
Bahrain
92%
Vietnam
92%
Brunei
88%
Tonga
86%
Antigua and Barbuda
82%
Azerbaijan
82%
Moldova
78%
Cape Verde
76%
Togo
74%
Ukraine
73%
No matching quizzes found
Score Distribution
Percent of People with Each Score
Percentile by Number Answered
Your Score History
You have not taken this quiz since the last reset